000 00414nam a2200181Ia 4500
001 3569
005 20260306145653.0
008 260306t2009||||xx |||||||||||||| ||spa||
041 _aESP
082 _a289.8
_bB135C
100 _aBenedicto XVI, Papa
_eAUT
245 0 _aCaritas in veritate:
_bcarta encĂ­clica
260 _c2009
300 _a
_c
650 _aGEN
654 _aCHU
942 _cLIB
_dJUS
_fJUS
_2ddc
_n
999 _c3569
_d3569